Metodika kontrolného procesu

Popis základných kategórií ako sú obsah, cieľ, metódy, formy, prostriedky a ich vzájomné vzťahy pre skvalitnenie kontrolnej činnosti. Metódy používané v kontrole. Spracovanie získaných informácií v kontrole. Začiatok, priebeh, zhodnotenie a záver komplexnej kontroly.

Enregistré dans:
Détails bibliographiques
Auteur principal: Benčo, Ján
Format: Chapitre de livre
Langue:slovaque
Sujets:
Tags: Ajouter un tag
Pas de tags, Soyez le premier à ajouter un tag!

MARC

LEADER 00000naa a2200000 4500
001 r016321
005 20221213114849.2
041 0 |a slo 
044 |a SK 
245 1 0 |a Metodika kontrolného procesu  |c Ján Benčo 
520 |a Popis základných kategórií ako sú obsah, cieľ, metódy, formy, prostriedky a ich vzájomné vzťahy pre skvalitnenie kontrolnej činnosti. Metódy používané v kontrole. Spracovanie získaných informácií v kontrole. Začiatok, priebeh, zhodnotenie a záver komplexnej kontroly. 
610 2 0 |a kontrola 
610 2 0 |a správa verejná 
610 2 0 |a správa štátna 
610 2 0 |a metodika 
610 2 0 |a kontrola komplexná 
610 2 0 |a orgány štátne 
610 2 0 |a kontrola verejná 
100 1 |a Benčo, Ján